| 000 | 00590nam a2200217 a 4500 | ||
|---|---|---|---|
| 001 | YSU0043696 | ||
| 003 | AM-YEHGA | ||
| 005 | 20250617121510.0 | ||
| 008 | 990222s1984 ru 0 0 rus u rus | ||
| 040 | _aAM-YeHGA | ||
| 041 | 0 | _arus | |
| 100 | 1 | 0 | _aНиколаев, Ю. Т |
| 245 | 1 | 0 |
_aАнилин / _cЮ.Т. Николаев, А. М. Якубсон |
| 260 |
_aМосква : _bХимия , _c1984. |
||
| 300 | _a152 с. | ||
| 650 | 1 | 4 | _aАнилин |
| 650 | 1 | 4 | _aОрганическая химия |
| 700 | 1 | _aЯкубсон, А. М. | |
| 942 |
_2udc _cBK |
||
| 090 | _c17318 | ||
| 999 |
_c17181 _d17181 |
||